000 00775nam a22002297a 4500
999 _c7191
_d7191
003 AR-CdUCM
008 190320b ||||| |||| 00| 0 spa d
040 _aMUNICIPALIDAD PROVINCIAL DEL CUSCO
_cBIBLIOTECA MUNICIPAL DEL CUSCO
041 _hfr
082 _a340.973 /
_bT93
100 _aTunc, André.
_920275
245 _aEl derecho en Estados Unidos /
260 _aBarcelona :
_bOikos-tau,
_c1971.
300 _a121 páginas ;
_c17 cm.
440 _a¿Qué sé?
_n59
_920276
505 _aContenido: Historia constitucional -- Las instituciones políticas y judiciales -- Fuentes y técnicas del Derecho -- El problema negro.
650 _aDerecho
_9739
650 _aPoder judicial
_96955
650 _aEstados Unidos
_91805
942 _2ddc
_cLIBROS
945 _adavv